[Event "1st Marlboro Classic"]
[Site "Manila PHI"]
[Date "1973.11.02"]
[Round "12"]
[White "Wotulo, Max Arie"]
[Black "Ivkov, Borislav"]
[WhiteElo "2330"]
[BlackElo "2520"]
[Result "0-1"]
[EventDate "1973.10.16"]
[PlyCount "92"]

1.e4 e6 2.d3 d5 3.Nd2 c5 4.g3 Nc6 5.Bg2 Nf6 6.Ne2 Be7 7.O-O b6 8.b3 Bb7 9.
Bb2 O-O 10.exd5 Nxd5 11.a4 Bf6 12.Bxf6 Qxf6 13.Ne4 Qe7 14.Qd2 Nd4 15.f4 a6
16.h3 Rac8 17.Kh2 Rfd8 18.Rae1 Nb4 19.c3 Nxe2 20.cxb4 Bxe4 21.Bxe4 Nd4 22.
b5 f5 23.Bg2 axb5 24.Qa2 Rd6 25.Re5 Rcd8 26.Rfe1 Qa7 27.h4 h6 28.R5e3 Kh8 
29.Kh3 Qa5 30.Kh2 Qb4 31.axb5 Qxb5 32.Qa4 Qxb3 33.Qxb3 Nxb3 34.Rxe6 Rxe6 
35.Rxe6 b5 36.Rb6 b4 37.Bh3 Nd4 38.h5 Kg8 39.Rb7 Kf8 40.Kg2 Re8 41.Kf1 Re3
42.Rb8+ Ke7 43.Rb7+ Kd6 44.Rxg7 b3 45.Kf2 Re2+ 46.Kf1 b2 0-1

[Event "1st Marlboro Classic"]
[Site "Manila PHI"]
[Date "1973.11.03"]
[Round "13"]
[White "Cardoso, Rodolfo Tan"]
[Black "Gheorghiu, Florin"]
[WhiteElo "2375"]
[BlackElo "2550"]
[Result "0-1"]
[EventDate "1973.10.16"]
[PlyCount "81"]

1.e4 c5 2.Nf3 d6 3.d4 cxd4 4.Nxd4 Nf6 5.Nc3 Nc6 6.Be2 e6 7.Be3 Be7 8.O-O 
O-O 9.f4 Bd7 10.Nb3 a6 11.Bf3 Rb8 12.Qe1 b5 13.Rd1 Qc7 14.g4 b4 15.Ne2 a5 
16.g5 Ne8 17.Bg2 g6 18.Ng3 Ng7 19.h4 f6 20.Rf2 fxg5 21.hxg5 e5 22.Qd2 exf4
23.Bxf4 Bg4 24.Bxd6 Qb6 25.Rf1 Rxf2 26.Rxf2 Rd8 27.e5 Nxe5 28.Bd5+ Be6 29.
Bxe5 Bxd5 30.Nd4 Ne6 31.Nge2 Bxg5 32.Qd3 Nxd4 33.Nxd4 Re8 34.Nf3 Qe6 35.
Nxg5 Qxe5 36.Nh3 Qe1+ 37.Rf1 Qe3+ 38.Qxe3 Rxe3 39.Nf4 Be4 40.Rf2 Re1+ 41.
Kh2 0-1

[Event "1st Marlboro Classic"]
[Site "Manila PHI"]
[Date "1973.11.03"]
[Round "13"]
[White "De Castro, Edgar"]
[Black "Gligoric, Svetozar"]
[WhiteElo "2285"]
[BlackElo "2595"]
[Result "1-0"]
[EventDate "1973.10.16"]
[PlyCount "121"]

1.d4 Nf6 2.c4 g6 3.Nc3 d5 4.Nf3 Bg7 5.Bf4 O-O 6.e3 c5 7.dxc5 Qa5 8.Rc1 
dxc4 9.Bxc4 Qxc5 10.Nb5 Qb4+ 11.Qd2 Qxd2+ 12.Nxd2 Na6 13.Be5 Bd7 14.O-O 
Rfc8 15.a4 Ne4 16.Nf3 Nd2 17.Bxg7 Nxf3+ 18.gxf3 Kxg7 19.Rfd1 Be8 20.b3 Nc5
21.Nc3 Bc6 22.Kg2 a5 23.Kg3 Rd8 24.f4 e6 25.f3 Kf6 26.Kf2 Ke7 27.e4 Rxd1 
28.Rxd1 Rc8 29.Ke3 Be8 30.Rc1 Rd8 31.Rd1 Rc8 32.Rc1 Nxa4 33.Nxa4 b5 34.Nb2
bxc4 35.Rxc4 Rb8 36.Rc3 Bd7 37.e5 Bb5 38.Rc7+ Ke8 39.Rc5 Ba6 40.Rc3 Rb4 
41.Na4 Bb7 42.Nc5 Kd8 43.Nd3 Rb6 44.b4 a4 45.Ra3 Bc6 46.Kd2 Kc7 47.Kc3 Rb8
48.Nb2 Ra8 49.Nc4 Bb5 50.Nd6 Kb6 51.Kb2 Rf8 52.Rc3 f6 53.Rc8 Rxc8 54.Nxc8+
Kc7 55.exf6 Be8 56.Ne7 Kd6 57.Ng8 h5 58.Ka3 e5 59.Nh6 Bb5 60.fxe5+ Ke6 61.
f4 1-0

[Event "1st Marlboro Classic"]
[Site "Manila PHI"]
[Date "1973.11.03"]
[Round "13"]
[White "Naranja, Renato"]
[Black "Torre, Eugenio"]
[WhiteElo "2420"]
[BlackElo "2430"]
[Result "0-1"]
[EventDate "1973.10.16"]
[PlyCount "80"]

1.c4 g6 2.d4 Bg7 3.g3 c5 4.d5 d6 5.Bg2 Nf6 6.Nf3 O-O 7.O-O Na6 8.Nc3 Nc7 
9.h3 Rb8 10.a4 b6 11.e4 Nd7 12.Re1 a6 13.Bf1 e5 14.dxe6 Nxe6 15.Nh2 Ne5 
16.Nd5 Nd4 17.Be3 Nec6 18.Rb1 Re8 19.Bg2 Be6 20.Nf3 b5 21.cxb5 axb5 22.
Nxd4 Nxd4 23.b4 Bxd5 24.exd5 bxa4 25.Qxa4 Rxb4 26.Rxb4 cxb4 27.Kh2 Qa8 28.
Qxa8 Rxa8 29.Rb1 Rb8 30.Be4 f5 31.Bd3 b3 32.Kg2 b2 33.g4 fxg4 34.hxg4 Nb5 
35.Re1 Nc3 36.Bf4 b1=Q 37.Bxb1 Rxb1 38.Re8+ Kf7 39.Rd8 Nxd5 40.Bxd6 Bf6 
0-1

[Event "1st Marlboro Classic"]
[Site "Manila PHI"]
[Date "1973.11.03"]
[Round "13"]
[White "Wotulo, Max Arie"]
[Black "Larsen, Bent"]
[WhiteElo "2330"]
[BlackElo "2620"]
[Result "0-1"]
[EventDate "1973.10.16"]
[PlyCount "88"]

1.e4 c5 2.Nf3 e6 3.d4 cxd4 4.Nxd4 Nf6 5.Nc3 d6 6.Be2 a6 7.Be3 Qc7 8.O-O b5
9.a3 Bb7 10.f3 Be7 11.Qe1 Nbd7 12.Qg3 O-O 13.Rad1 Kh8 14.Kh1 Rac8 15.Nb3 
Ba8 16.Rd2 Ne5 17.Qf2 Rb8 18.Nd1 Nc4 19.Rd3 d5 20.exd5 Nxd5 21.Bc1 Ne5 22.
Rd2 Bd6 23.c3 Rbd8 24.Rc2 Rd7 25.Qg1 h6 26.Nf2 f5 27.Bd1 Re7 28.Re1 Nc4 
29.Nd3 e5 30.Nb4 a5 31.Nxd5 Bxd5 32.Rce2 Ref7 33.Qf2 Rf6 34.Qh4 Qc6 35.Qh3
a4 36.Na1 e4 37.f4 Bc5 38.Nc2 Qb6 39.Nb4 Bb7 40.Qg3 Rg6 41.Qh4 Rg4 42.Qh5 
Rd8 43.Rd2 Nxd2 44.Bxg4 Bxb4 0-1

[Event "1st Marlboro Classic"]
[Site "Manila PHI"]
[Date "1973.11.04"]
[Round "14"]
[White "Ardiansyah, Haji"]
[Black "De Castro, Edgar"]
[WhiteElo "2350"]
[BlackElo "2285"]
[Result "1/2-1/2"]
[EventDate "1973.10.16"]
[PlyCount "156"]

1.e4 c5 2.Nf3 Nc6 3.d4 cxd4 4.Nxd4 Nf6 5.Nc3 d6 6.Be2 e6 7.O-O Be7 8.Be3 
O-O 9.Nb3 a6 10.a4 b6 11.f4 Qc7 12.Bf3 Rb8 13.Qe2 Na5 14.Nd2 Rd8 15.Qf2 d5
16.Kh1 dxe4 17.Ndxe4 Nc4 18.Bd4 Qxf4 19.b3 Nd2 20.Be3 Ndxe4 21.Bxf4 Nxf2+ 
22.Rxf2 Rb7 23.Bxb7 Bxb7 24.Rd2 Rc8 25.Bd6 Bd8 26.Rad1 h5 27.Be5 Be7 28.
Bxf6 Bxf6 29.Ne2 Bg5 30.Rd7 Be4 31.Nd4 Rc3 32.Re1 Bd5 33.Re2 Bf6 34.Nf3 h4
35.h3 g5 36.Kh2 Kg7 37.Ne5 Bxe5+ 38.Rxe5 Rxc2 39.Rxg5+ Kf6 40.Rg4 Bxb3 41.
Rxh4 Bd5 42.Rg4 b5 43.axb5 axb5 44.h4 b4 45.h5 b3 46.Rd8 b2 47.Rb8 Ba2 48.
h6 b1=Q 49.Rxb1 Bxb1 50.h7 Rxg2+ 51.Rxg2 Bxh7 52.Kg3 Ke5 53.Kf2 Be4 54.Rg8
Kd4 55.Rd8+ Bd5 56.Kg3 Ke3 57.Rc8 f5 58.Rc3+ Kd4 59.Rc1 Be4 60.Rd1+ Bd3 
61.Kf3 e5 62.Re1 Be4+ 63.Kf2 Bc2 64.Re2 Bd3 65.Re1 e4 66.Rc1 f4 67.Rc8 Bb5
68.Rd8+ Ke5 69.Rc8 Bd7 70.Rc7 Kd6 71.Ra7 Bc6 72.Ra5 Bd5 73.Ra6+ Ke5 74.Ra4
Bc6 75.Rb4 Be8 76.Rb7 e3+ 77.Ke2 Bh5+ 78.Kd3 Bg6+ 1/2-1/2

[Event "1st Marlboro Classic"]
[Site "Manila PHI"]
[Date "1973.11.04"]
[Round "14"]
[White "Gheorghiu, Florin"]
[Black "Lombardy, William James"]
[WhiteElo "2550"]
[BlackElo "2520"]
[Result "1/2-1/2"]
[EventDate "1973.10.16"]
[PlyCount "30"]

1.Nf3 Nf6 2.g3 d5 3.Bg2 c6 4.O-O Bf5 5.d3 h6 6.Nbd2 e6 7.b3 Be7 8.Bb2 O-O 
9.Qe1 Bh7 10.e4 a5 11.a3 Nbd7 12.Qe2 Bc5 13.h3 Qb8 14.Kh2 Bb6 15.e5 Ne8 
1/2-1/2

[Event "1st Marlboro Classic"]
[Site "Manila PHI"]
[Date "1973.11.04"]
[Round "14"]
[White "Gligoric, Svetozar"]
[Black "Naranja, Renato"]
[WhiteElo "2595"]
[BlackElo "2420"]
[Result "1/2-1/2"]
[EventDate "1973.10.16"]
[PlyCount "106"]

1.d4 f5 2.Nf3 Nf6 3.g3 e6 4.Bg2 Be7 5.O-O O-O 6.c4 d5 7.Qc2 c6 8.Nbd2 Ne4 
9.Ne5 Nd7 10.Nd3 Bf6 11.Nf3 Nb6 12.c5 Nd7 13.Nfe5 Ng5 14.b4 Nxe5 15.dxe5 
Be7 16.Bb2 Bd7 17.Bd4 Qe8 18.Rab1 Bd8 19.f3 Bc7 20.Qd2 Nf7 21.e4 dxe4 22.
fxe4 Rd8 23.Qe3 Nh6 24.Qe2 Qe7 25.Bc3 Be8 26.Nf4 g5 27.Nh5 Bxh5 28.Qxh5 
Ng4 29.exf5 exf5 30.e6 Be5 31.Bxe5 Nxe5 32.Rbd1 Rxd1 33.Rxd1 Qxe6 34.Qxg5+
Ng6 35.h4 f4 36.h5 Rf5 37.Qg4 fxg3 38.Qxg3 Rxh5 39.Rd6 Qe5 40.Rd8+ Kg7 41.
Rd7+ Kf6 42.Qxe5+ Nxe5 43.Rxb7 Rh4 44.a4 Nd3 45.Rd7 Nxb4 46.Rxa7 Rc4 47.
Rb7 Nd5 48.Rxh7 Rxc5 49.Ra7 Ke5 50.a5 Kd6 51.Ra8 Nc7 52.Rd8+ Ke7 53.Rc8 
Kd6 1/2-1/2

[Event "1st Marlboro Classic"]
[Site "Manila PHI"]
[Date "1973.11.04"]
[Round "14"]
[White "Kavalek, Lubomir"]
[Black "Cardoso, Rodolfo Tan"]
[WhiteElo "2565"]
[BlackElo "2375"]
[Result "1-0"]
[EventDate "1973.10.16"]
[PlyCount "67"]

1.e4 c5 2.Nf3 d6 3.d4 cxd4 4.Nxd4 Nf6 5.Nc3 a6 6.f4 Nc6 7.Nf3 Bg4 8.h3 
Bxf3 9.Qxf3 Qb6 10.Bc4 Rc8 11.Bb3 e6 12.Be3 Qc7 13.Qf2 b5 14.a3 Qb7 15.f5 
Na5 16.fxe6 Nxb3 17.exf7+ Qxf7 18.cxb3 Be7 19.O-O Qxb3 20.Qf5 O-O 21.Nd5 
Nxd5 22.Qe6+ Kh8 23.exd5 Rfe8 24.Rac1 Ra8 25.Rc3 Qxb2 26.Bd4 Bg5 27.Qg4 
Qd2 28.Rg3 Re1 29.Rxe1 Qxe1+ 30.Kh2 h6 31.h4 Re8 32.hxg5 Re4 33.Qc8+ Re8 
34.Qh3 1-0

[Event "1st Marlboro Classic"]
[Site "Manila PHI"]
[Date "1973.11.04"]
[Round "14"]
[White "Ljubojevic, Ljubomir"]
[Black "Wotulo, Max Arie"]
[WhiteElo "2565"]
[BlackElo "2330"]
[Result "1-0"]
[EventDate "1973.10.16"]
[PlyCount "79"]

1.e4 c6 2.d3 d5 3.Nd2 g6 4.Ngf3 Bg7 5.c3 e5 6.a4 Ne7 7.a5 O-O 8.Be2 Nd7 9.
O-O f5 10.b3 Qc7 11.Re1 Nf6 12.Ba3 Kh8 13.Bf1 fxe4 14.dxe4 Bg4 15.exd5 
Nfxd5 16.c4 Nf4 17.Ne4 Nf5 18.Bxf8 Rxf8 19.h3 Rd8 20.hxg4 Rxd1 21.Raxd1 
Nd4 22.Nxd4 exd4 23.Ng5 Bf6 24.Re8+ Kg7 25.Ne4 Qd7 26.Nxf6 Kxf6 27.Re4 Ne6
28.g5+ Kf5 29.f3 Kxg5 30.c5 Nxc5 31.Re5+ Kf6 32.Rxc5 Qe7 33.Rc2 Qe3+ 34.
Rf2 c5 35.Bd3 h5 36.Kf1 Qe6 37.Bc4 Qd6 38.Re2 Qc7 39.Re6+ Kf5 40.Rde1 1-0

[Event "1st Marlboro Classic"]
[Site "Manila PHI"]
[Date "1973.11.04"]
[Round "14"]
[White "Quinteros, Miguel Angel"]
[Black "Najdorf, Miguel"]
[WhiteElo "2520"]
[BlackElo "2525"]
[Result "1/2-1/2"]
[EventDate "1973.10.16"]
[PlyCount "33"]

1.e4 c5 2.Nf3 e6 3.d4 cxd4 4.Nxd4 d6 5.c4 b6 6.Nc3 Bb7 7.g3 Nd7 8.Bg2 a6 
9.b3 Ngf6 10.O-O Qc7 11.Bb2 Be7 12.Kh1 Rc8 13.Qe2 O-O 14.Rac1 Rfe8 15.Rfe1
Bf8 16.Qd1 Qb8 17.Rc2 1/2-1/2

[Event "1st Marlboro Classic"]
[Site "Manila PHI"]
[Date "1973.11.04"]
[Round "14"]
[White "Torre, Eugenio"]
[Black "Tatai, Stefano"]
[WhiteElo "2430"]
[BlackElo "2430"]
[Result "1-0"]
[EventDate "1973.10.16"]
[PlyCount "63"]

1.e4 e6 2.d3 c5 3.Nf3 Nc6 4.g3 d5 5.Qe2 Nge7 6.Bg2 g6 7.O-O Bg7 8.e5 Qc7 
9.Re1 h6 10.Na3 a6 11.c3 b5 12.Nc2 a5 13.h4 b4 14.Bf4 Ba6 15.Ne3 Qb6 16.c4
O-O-O 17.Rac1 Kb8 18.cxd5 Nxd5 19.Nxd5 Rxd5 20.Nd2 Rxd3 21.Nc4 Bxc4 22.
Rxc4 Rhd8 23.Rec1 Bf8 24.Be3 Nd4 25.Qf1 Nc6 26.Bxc5 Bxc5 27.Rxc5 Na7 28.
Kh2 R8d4 29.Qe2 h5 30.Qc2 Qd8 31.Rc7 Rc3 32.Rxa7 1-0

[Event "1st Marlboro Classic"]
[Site "Manila PHI"]
[Date "1973.11.06"]
[Round "15"]
[White "Cardoso, Rodolfo Tan"]
[Black "Torre, Eugenio"]
[WhiteElo "2375"]
[BlackElo "2430"]
[Result "1-0"]
[EventDate "1973.10.16"]
[PlyCount "57"]

1.c4 g6 2.g3 Bg7 3.Bg2 c5 4.e3 Nc6 5.Ne2 e6 6.Nbc3 Nge7 7.O-O O-O 8.d4 
cxd4 9.Nxd4 d5 10.cxd5 Nxd4 11.exd4 Nxd5 12.Qb3 Bxd4 13.Bh6 Re8 14.Rad1 
Bxc3 15.bxc3 Qb6 16.Qc4 Qc6 17.Qe2 b5 18.Bg5 Bb7 19.Qe5 Rac8 20.Rfe1 Ba8 
21.h4 Qc5 22.Bxd5 Bxd5 23.Bh6 f6 24.Qxf6 Rc7 25.Be3 Qe7 26.Qe5 Kf7 27.Bh6 
Rec8 28.Rxd5 Qf6 29.Rxb5 1-0

[Event "1st Marlboro Classic"]
[Site "Manila PHI"]
[Date "1973.11.06"]
[Round "15"]
[White "Lombardy, William James"]
[Black "Kavalek, Lubomir"]
[WhiteElo "2520"]
[BlackElo "2565"]
[Result "1/2-1/2"]
[EventDate "1973.10.16"]
[PlyCount "40"]

1.c4 c5 2.Nc3 g6 3.g3 Bg7 4.Bg2 Nc6 5.Nf3 e6 6.b3 Nge7 7.Bb2 b6 8.Na4 Bxb2
9.Nxb2 Bb7 10.O-O O-O 11.d4 Nxd4 12.Nxd4 Bxg2 13.Kxg2 cxd4 14.Qxd4 d5 15.
cxd5 Qxd5+ 16.Qxd5 Nxd5 17.Rac1 Rac8 18.Nd3 Rfd8 19.Rxc8 Rxc8 20.Rc1 Rxc1 
1/2-1/2

[Event "1st Marlboro Classic"]
[Site "Manila PHI"]
[Date "1973.11.06"]
[Round "15"]
[White "Najdorf, Miguel"]
[Black "Gheorghiu, Florin"]
[WhiteElo "2525"]
[BlackElo "2550"]
[Result "1/2-1/2"]
[EventDate "1973.10.16"]
[PlyCount "78"]

1.d4 Nf6 2.c4 g6 3.Nc3 d5 4.cxd5 Nxd5 5.e4 Nxc3 6.bxc3 Bg7 7.Bc4 c5 8.Ne2 
Nc6 9.Be3 O-O 10.O-O Qc7 11.Rc1 Rd8 12.Bf4 Qd7 13.d5 Na5 14.Bd3 b5 15.Be3 
e6 16.Nf4 c4 17.Be2 Qe7 18.Qd2 e5 19.Nh3 Bxh3 20.gxh3 Nb7 21.f3 Nd6 22.Bd1
f5 23.Bc2 f4 24.Bc5 Bf8 25.Qg2 Qc7 26.Bf2 Nf7 27.Kh1 Bc5 28.Rb1 a6 29.h4 
Bxf2 30.Qxf2 Qa5 31.Qd2 Rd6 32.Rg1 Qd8 33.Qe1 Kh8 34.Bd1 Qd7 35.Be2 Rg8 
36.Qf2 g5 37.Rg2 Rdg6 38.Rbg1 h6 39.a4 R6g7 1/2-1/2

[Event "1st Marlboro Classic"]
[Site "Manila PHI"]
[Date "1973.11.06"]
[Round "15"]
[White "Naranja, Renato"]
[Black "Ardiansyah, Haji"]
[WhiteElo "2420"]
[BlackElo "2350"]
[Result "1/2-1/2"]
[EventDate "1973.10.16"]
[PlyCount "32"]

1.c4 Nf6 2.Nf3 c5 3.g3 Nc6 4.Bg2 g6 5.O-O Bg7 6.Nc3 O-O 7.d3 d6 8.Bd2 h6 
9.Rb1 Kh7 10.a3 a5 11.Ne1 Bd7 12.h3 Ne8 13.b3 Rb8 14.Nc2 b6 15.b4 axb4 16.
axb4 Nc7 1/2-1/2